000
00311nam a22001457a 4500
008
210318b ||||| |||| 00| 0 eng d
020
_a
1568210949
041
_a
eng
080
_a
159.9
082
_a
159.9
100
_a
48
101
_a
PSI
245
_a
Crisis at Adoleshence
_c
Copley, B
942
_2
udc
_c
BK
999
_c
56619
_d
56619